[Event "Anna IRT op"]
[Site "Anna"]
[Date "2015.04.10"]
[Round "4"]
[White "Voronov, Anatoly"]
[Black "Lenshin, Sergey"]
[Result "1/2-1/2"]
[WhiteElo "1988"]
[BlackElo "1873"]
[PlyCount "57"]
[EventDate "2015.04.09"]
[EventType "swiss"]
[EventRounds "9"]
[EventCountry "RUS"]
[SourceTitle "EXT 2022"]
[Source "ChessBase"]
[SourceDate "2021.10.06"]
[SourceVersion "1"]
[SourceVersionDate "2021.10.06"]
[SourceQuality "1"]

1. d4 Nf6 2. e3 d5 3. Bd3 e6 4. Nd2 c5 5. c3 Nc6 6. f4 cxd4 7. exd4 Bd6 8. Nh3 Bd7 9. a4 Qc7 10. 0-0 h5 11. Qe2 0-0-0 12. b4 Ng4 13. Nf3 f6 14. g3 e5 15. fxe5 fxe5 16. dxe5 Ngxe5 17. Nf4 Bg4 18. Nxd5 Nxf3+ 19. Rxf3 Qd7 20. Qf2 Bxf3 21. Qxf3 Ne5 22. Qe3 Nxd3 23. Qxd3 Bc5+ 24. bxc5 Qxd5 25. Qxd5 Rxd5 26. Be3 Rf8 27. a5 a6 28. Bd4 g5 29. Re1 1/2-1/2

[Event "Borisoglebsk Bocharov Memorial"]
[Site "Borisoglebsk"]
[Date "2015.03.23"]
[Round "9"]
[White "Skomorohov, Grigorij"]
[Black "Lenshin, Sergey"]
[Result "1/2-1/2"]
[WhiteElo "2091"]
[BlackElo "1873"]
[PlyCount "24"]
[EventDate "2015.03.19"]
[EventType "swiss"]
[EventRounds "9"]
[EventCountry "RUS"]
[SourceTitle "CBM 165 Extra"]
[Source "ChessBase"]
[SourceDate "2015.04.21"]
[SourceVersion "1"]
[SourceVersionDate "2015.04.21"]
[SourceQuality "1"]

1. e4 e6 2. d4 d5 3. exd5 exd5 4. Bd3 Bd6 5. c3 Nf6 6. Nf3 Bg4 7. 0-0 0-0 8. h3 Bh5 9. Bg5 Nbd7 10. Nbd2 c6 11. Re1 Qc7 12. Qc2 Rfe8 1/2-1/2

[Event "Borisoglebsk Bocharov Memorial"]
[Site "Borisoglebsk"]
[Date "2015.03.19"]
[Round "1"]
[White "Kovalenko, Vladimir"]
[Black "Lenshin, Sergey"]
[Result "1/2-1/2"]
[WhiteElo "2160"]
[BlackElo "1873"]
[PlyCount "108"]
[EventDate "2015.03.19"]
[EventType "swiss"]
[EventRounds "9"]
[EventCountry "RUS"]
[SourceTitle "CBM 165 Extra"]
[Source "ChessBase"]
[SourceDate "2015.04.21"]
[SourceVersion "1"]
[SourceVersionDate "2015.04.21"]
[SourceQuality "1"]

1. e4 e6 2. d4 d5 3. Nd2 dxe4 4. Nxe4 Bd7 5. Nf3 Bc6 6. Ng3 Nf6 7. Bd3 h6 8. 0-0 Nbd7 9. Qe2 Be7 10. Ne5 Nxe5 11. dxe5 Qd5 12. f4 Qd4+ 13. Be3 Qxb2 14. exf6 Bxf6 15. Nh5 0-0-0 16. a4 Qc3 17. Ng3 Qa5 18. Ra3 h5 19. Ne4 Bxe4 20. Bxe4 Qb4 21. Qf3 Qxa3 22. Bxb7+ Kb8 23. Bxa7+ Kxa7 24. Qxa3 Kxb7 25. Rb1+ Kc6 26. Qb4 Rd5 27. a5 Bd4+ 28. Kf1 Kd7 29. c3 Bc5 30. Qb7 Ke7 31. Qxc7+ Kf6 32. Rb7 Rf8 33. a6 Bd6 34. Qd7 Bc5 35. Qc6 Rfd8 36. Rb2 R8d7 37. g3 R7d6 38. Qa4 Rd7 39. Ke2 Rd3 40. Qc2 Re3+ 41. Kf1 Rf3+ 42. Kg2 Rdd3 43. Kh3 Rxc3 44. Qe2 Rxf4 45. Rc2 Rxc2 46. Qxc2 Rf5 47. Qb2+ Kg6 48. Qb7 Kh6 49. a7 Bxa7 50. Qxa7 Kg6 51. Kg2 Kh6 52. h3 Kg6 53. Qa2 Kh6 54. Qc2 Rf6 1/2-1/2

[Event "Borisoglebsk Summer op"]
[Site "Borisoglebsk"]
[Date "2014.06.09"]
[Round "7"]
[White "Lenshin, Sergey"]
[Black "Malikov, Sergey Konstantinov"]
[Result "1-0"]
[WhiteElo "1873"]
[BlackElo "1820"]
[PlyCount "75"]
[EventDate "2014.06.06"]
[EventType "swiss"]
[EventRounds "9"]
[EventCountry "RUS"]
[SourceTitle "EXT 2015"]
[Source "ChessBase"]
[SourceDate "2014.11.20"]
[SourceVersion "1"]
[SourceVersionDate "2014.11.20"]
[SourceQuality "1"]

1. d4 Nf6 2. Nf3 d6 3. c4 g6 4. Nc3 Bg7 5. e3 0-0 6. g3 Nbd7 7. Bg2 Re8 8. 0-0 e5 9. dxe5 Nxe5 10. Nxe5 Rxe5 11. e4 Re8 12. Qc2 a5 13. Rb1 Nd7 14. a3 Ne5 15. b3 Be6 16. Bd2 Nc6 17. Be3 Qf6 18. Nd5 Qd8 19. Rbd1 f5 20. c5 Bxd5 21. Rxd5 fxe4 22. cxd6 Ne7 23. Rd2 cxd6 24. Bxe4 d5 25. Rfd1 Rc8 26. Qa2 Qc7 27. Bxd5+ Nxd5 28. Rxd5 Kh8 29. Qd2 Qc3 30. Qd3 Qxd3 31. R1xd3 Rc3 32. Rd8 Rg8 33. Rxg8+ Kxg8 34. Rxc3 Bxc3 35. a4 Kf7 36. Kf1 Ke6 37. Ke2 Kd5 38. Kd3 1-0

[Event "Borisoglebsk Bocharov Memorial"]
[Site "Borisoglebsk"]
[Date "2014.03.17"]
[Round "9"]
[White "Kochukova, Anna"]
[Black "Lenshin, Sergey"]
[Result "1/2-1/2"]
[WhiteElo "1866"]
[BlackElo "1872"]
[PlyCount "102"]
[EventDate "2014.03.13"]
[EventType "swiss"]
[EventRounds "9"]
[EventCountry "RUS"]
[SourceTitle "CBM 159 Extra"]
[Source "ChessBase"]
[SourceDate "2014.04.24"]
[SourceVersion "1"]
[SourceVersionDate "2014.04.24"]
[SourceQuality "1"]

1. e4 e6 2. d4 d5 3. Nd2 dxe4 4. Nxe4 Nd7 5. Bd3 Ngf6 6. Qe2 Nxe4 7. Bxe4 Nf6 8. Bxb7 Rb8 9. Bxc8 Qxc8 10. Nf3 Be7 11. 0-0 0-0 12. Ne5 c5 13. dxc5 Qxc5 14. Nd3 Qf5 15. Bf4 Rbc8 16. Rac1 Rc4 17. Qe5 Rfc8 18. Qxf5 exf5 19. Be3 a6 20. c3 h6 21. Rfe1 Bd6 22. Bd4 Ne4 23. h4 Ra4 24. Ra1 Nc5 25. Nxc5 Bxc5 26. Bxc5 Rxc5 27. Re8+ Kh7 28. g3 f4 29. Re7 fxg3 30. fxg3 Rg4 31. Kg2 Rf5 32. Rd1 Rg6 33. Rdd7 Rgf6 34. Rd2 Rf1 35. a3 Rc1 36. Rf2 Rxf2+ 37. Kxf2 Kg6 38. Kf3 Kf6 39. Ra7 Ke5 40. Rxa6 f5 41. Ra5+ Kf6 42. a4 g5 43. Ra6+ Ke5 44. Rxh6 g4+ 45. Ke3 Rf1 46. Rb6 Rf3+ 47. Ke2 Rxg3 48. h5 f4 49. Rb5+ Ke4 50. Rb4+ Kf5 51. Rb5+ Ke4 1/2-1/2

[Event "Borisoglebsk Bocharov Memorial"]
[Site "Borisoglebsk"]
[Date "2014.03.14"]
[Round "4"]
[White "Shcherbashin, Victor"]
[Black "Lenshin, Sergey"]
[Result "1/2-1/2"]
[WhiteElo "1779"]
[BlackElo "1872"]
[PlyCount "103"]
[EventDate "2014.03.13"]
[EventType "swiss"]
[EventRounds "9"]
[EventCountry "RUS"]
[SourceTitle "CBM 159 Extra"]
[Source "ChessBase"]
[SourceDate "2014.04.24"]
[SourceVersion "1"]
[SourceVersionDate "2014.04.24"]
[SourceQuality "1"]

1. e4 e6 2. d4 d5 3. Nc3 Bb4 4. Bd3 c5 5. dxc5 dxe4 6. Bxe4 Qxd1+ 7. Kxd1 Nf6 8. Bf3 Bxc5 9. Be3 Bxe3 10. fxe3 0-0 11. Nh3 Nc6 12. Ke2 Ne5 13. Rhd1 Rb8 14. Nb5 Bd7 15. Nd6 Nxf3 16. gxf3 e5 17. Ng5 h6 18. Nge4 Nxe4 19. Nxe4 Bb5+ 20. Kf2 Bc6 21. Nd6 b5 22. Nf5 Kh7 23. Rd6 Bb7 24. Rad1 g6 25. Ne7 Kg7 26. Rd7 a5 27. Rc7 Ba8 28. Rdd7 Rfd8 29. Ke2 Rxd7 30. Rxd7 Kf6 31. Rc7 Ke6 32. Rc8 Rxc8 33. Nxc8 Bc6 34. a4 bxa4 35. c4 f5 36. c5 Bb7 37. Nb6 g5 38. Kf2 h5 39. Nc4 Kd5 40. Nd6 Ba6 41. Nxf5 Kxc5 42. Ke1 Kb4 43. Kd2 Kb3 44. Kc1 Be2 45. Nh6 g4 46. fxg4 hxg4 47. e4 a3 48. bxa3 Kxa3 49. Kb1 Kb3 50. Nf7 Kc3 51. Nxe5 Kd4 52. Nxg4 1/2-1/2

[Event "Borisoglebsk Autumn op"]
[Site "Borisoglebsk"]
[Date "2013.09.07"]
[Round "3"]
[White "Lenshin, Sergey"]
[Black "Kopovaya, Aleksandra"]
[Result "1-0"]
[WhiteElo "1859"]
[BlackElo "1703"]
[PlyCount "87"]
[EventDate "2013.09.06"]
[EventType "swiss"]
[EventRounds "7"]
[EventCountry "RUS"]
[SourceTitle "CBM 156 Extra"]
[Source "ChessBase"]
[SourceDate "2013.10.22"]
[SourceVersion "1"]
[SourceVersionDate "2013.10.22"]
[SourceQuality "1"]

1. d4 d5 2. Nc3 Nf6 3. Bg5 e6 4. e4 dxe4 5. Nxe4 Be7 6. Bxf6 Bxf6 7. Nxf6+ Qxf6 8. Bd3 Nc6 9. Nf3 0-0 10. 0-0 Rd8 11. c3 Ne7 12. Qe2 Nd5 13. Qe5 Qxe5 14. Nxe5 f6 15. Nf3 b6 16. Rfe1 Rd6 17. Nd2 Rd8 18. Rad1 Bb7 19. Be4 Rab8 20. Bf3 Kf7 21. g3 c5 22. dxc5 bxc5 23. Nb3 Rdc8 24. Na5 Ba8 25. Nc4 Nxc3 26. Bh5+ g6 27. bxc3 gxh5 28. Nd6+ Ke7 29. Nxc8+ Rxc8 30. Rb1 Bd5 31. a3 a5 32. a4 Bc6 33. Rb6 e5 34. Ra6 Bxa4 35. Rxa5 Bc2 36. Kg2 Ke6 37. Ra6+ Kf5 38. h3 Rd8 39. Re3 Rd1 40. Rf3+ Kg5 41. Rfxf6 Be4+ 42. f3 Rd2+ 43. Kg1 Bd3 44. h4# 1-0

[Event "Borisoglebsk Sports Centre"]
[Site "Borisoglebsk"]
[Date "2011.09.30"]
[Round "1.3"]
[White "Marchukov, Dmitry"]
[Black "Lenshin, Sergey"]
[Result "1-0"]
[WhiteElo "2121"]
[BlackElo "1790"]
[PlyCount "77"]
[EventDate "2011.09.30"]
[EventType "swiss"]
[EventRounds "7"]
[EventCountry "RUS"]
[SourceTitle "EXT 2022"]
[Source "ChessBase"]
[SourceDate "2021.10.06"]
[SourceVersion "1"]
[SourceVersionDate "2021.10.06"]
[SourceQuality "1"]

1. c4 e5 2. Nc3 Nf6 3. g3 Be7 4. Bg2 c6 5. d3 0-0 6. Nf3 Bb4 7. Nxe5 Bxc3+ 8. bxc3 Qa5 9. Nf3 Qxc3+ 10. Bd2 Qa3 11. 0-0 Re8 12. Nd4 d5 13. cxd5 Nxd5 14. Qc2 Qd6 15. e3 Nd7 16. Rfc1 Ne5 17. h3 Ne7 18. Rab1 Nf5 19. Bb4 Nxd4 20. Bxd6 Nxc2 21. Rxc2 f6 22. d4 Nf7 23. Bc5 Bf5 24. e4 Bxe4 25. Bxe4 Rxe4 26. Rxb7 Nd8 27. Rxa7 Rxa7 28. Bxa7 Re7 29. Bb6 Rd7 30. Kf1 Kf7 31. a4 Ne6 32. Rc4 Ke7 33. a5 Kd6 34. a6 Nc7 35. a7 Na8 36. Bc5+ Kc7 37. Rb4 Rd8 38. Rb8 Rxb8 39. Bd6+ 1-0